Statistics for Guess the Album Songs - Midnights

Click here to take the quiz!

General Stats

  • This quiz has been taken 27 times
  • The average score is 20 of 22

Answer Stats

Answer% Correct
Anti-Hero
100%
Karma
100%
Lavender Haze
100%
Maroon
100%
Midnight Rain
100%
Snow on the Beach
100%
Hits Different
95%
Labyrinth
95%
Question…?
95%
Would’ve, Could’ve, Should’ve
95%
You’re on Your Own, Kid
95%
Bigger Than the Whole Sky
90%
Dear Reader
90%
Glitch
90%
Mastermind
90%
Paris
90%
Vigilante Shit
90%
Bejeweled
86%
High Infidelity
81%
Sweet Nothing
81%
The Great War
81%
You're Losing Me
81%

Score Distribution

Percentile by Number Answered

Percent of People with Each Score

Your Score History

You have not taken this quiz